हिमाचल प्रदेश की भाषाएॅं (Record no. 1015261)

MARC details
000 -LEADER
fixed length control field 01164nam a2200277Ia 4500
003 - CONTROL NUMBER IDENTIFIER
control field OSt
005 - DATE AND TIME OF LATEST TRANSACTION
control field 20221005105238.0
008 - FIXED-LENGTH DATA ELEMENTS--GENERAL INFORMATION
fixed length control field 221004b |||||||| |||| 00| 0 hin d
020 ## - INTERNATIONAL STANDARD BOOK NUMBER
International Standard Book Number 978 81 250 5690 4 (hbk)
037 ## - SOURCE OF ACQUISITION
Terms of availability Textual
040 ## - CATALOGING SOURCE
Original cataloging agency CRL
Transcribing agency CRL
Language of cataloging hin
041 ## - LANGUAGE CODE
Source of code hin
Language code of text/sound track or separate title hin
100 ## - MAIN ENTRY--PERSONAL NAME
Personal name देवी, गणेश एन., संपा.
9 (RLIN) 623879
245 #0 - TITLE STATEMENT
Title हिमाचल प्रदेश की भाषाएॅं
246 ## - VARYING FORM OF TITLE
Title proper/short title Himāchal pradesh kī bhāṣhāeॅan
260 ## - PUBLICATION, DISTRIBUTION, ETC.
Place of publication, distribution, etc. नई दिल्ली
Name of publisher, distributor, etc. ओरियंट ब्लैकस्वॉन भारत
Date of publication, distribution, etc. 2015
300 ## - PHYSICAL DESCRIPTION
Extent 336पृ0
Dimensions cm.
490 ## - SERIES STATEMENT
Volume/sequential designation खंड 11, भाग 1
Series statement भारतीय भाषा और लोक सर्वेक्षण
650 ## - SUBJECT ADDED ENTRY--TOPICAL TERM
Topical term or geographic name entry element हिन्दी भाषा
942 ## - ADDED ENTRY ELEMENTS (KOHA)
Classification part P.2t4, 152Q5.11,1
Koha item type Textual
Source of classification or shelving scheme
Holdings
Withdrawn status Lost status Damaged status Not for loan Home library Current library Date acquired Source of acquisition Cost, normal purchase price Serial Enumeration / chronology Total Checkouts Full call number Barcode Date last seen Date last checked out Cost, replacement price Price effective from Koha item type
        Central Library Arts Library 2022-10-05 707, 13/11/2015, Selectbook Service Syndicate 1495.00 खंड 11, भाग 1 1 P.2t4 152Q5.11,1 CL1611315 2026-03-20 2025-12-22 1495.00 2022-10-05 Textual
Copyright @ Delhi University Library System